Curious George rides a bike / H.A. Rey.
George the monkey goes riding on his new bicycle and runs into unexpected adventure.
Record details
- ISBN: 0395174449
- ISBN: 9780395174449
- ISBN: 039516964X
- ISBN: 9780395169643
- Physical Description: 48 pages : color illustrations ; 26 cm.
- Publisher: Boston : Houghton Mifflin, ©1993, 1980, ©1952.
Search for related items by subject
| Subject: | Curious George (Fictitious character) > Juvenile fiction. Cycling > Juvenile fiction. Bicycles > Juvenile fiction. Monkeys > Juvenile fiction. |
| Genre: | Juvenile works. Picture books. |
Available copies
- 2 of 2 copies available at scottsboropl.
Holds
- 0 current holds with 2 total copies.
Show Only Available Copies
| Location | Call Number / Copy Notes | Barcode | Shelving Location | Status | Due Date |
|---|---|---|---|---|---|
| scottsboropl | E Rey | 32269000180359 | Storage - Juvenile | Available | - |
| scottsboropl | E Rey | 32269001026510 | Juvenile - Easy | Available | - |
| LDR | 01572cam a2200421Ia 4500 | ||
|---|---|---|---|
| 001 | 144539 | ||
| 003 | SBPL | ||
| 005 | 20171115082839.0 | ||
| 008 | 020724r19931952nyua 000 1 eng d | ||
| 020 | . | ‡a0395174449 ‡q(pbk.) | |
| 020 | . | ‡a9780395174449 ‡q(pbk.) | |
| 020 | . | ‡a039516964X | |
| 020 | . | ‡a9780395169643 | |
| 035 | . | ‡a(CONS)144539 | |
| 035 | . | ‡a(CPomAG)LMN601884 | |
| 050 | 4. | ‡aPZ10.3.R3 ‡bCur 1993 | |
| 082 | 0 | 4. | ‡a[E] ‡222 |
| 100 | 1 | . | ‡aRey, H. A. ‡q(Hans Augusto), ‡d1898-1977. |
| 245 | 1 | 0. | ‡aCurious George rides a bike / ‡cH.A. Rey. |
| 260 | . | ‡aBoston : ‡bHoughton Mifflin, ‡c©1993, 1980, ©1952. | |
| 300 | . | ‡a48 pages : ‡bcolor illustrations ; ‡c26 cm. | |
| 336 | . | ‡atext ‡btxt ‡2rdacontent | |
| 337 | . | ‡aunmediated ‡bn ‡2rdamedia | |
| 338 | . | ‡avolume ‡bnc ‡2rdacarrier | |
| 520 | . | ‡aGeorge the monkey goes riding on his new bicycle and runs into unexpected adventure. | |
| 600 | 0 | 0. | ‡aCurious George ‡c(Fictitious character) ‡vJuvenile fiction. |
| 650 | 0. | ‡aCycling ‡vJuvenile fiction. | |
| 650 | 0. | ‡aBicycles ‡vJuvenile fiction. | |
| 650 | 0. | ‡aMonkeys ‡vJuvenile fiction. | |
| 655 | 7. | ‡aJuvenile works. | |
| 655 | 7. | ‡aPicture books. ‡2lcgft | |
| 901 | . | ‡a144539 ‡bUnknown ‡c144539 ‡tbiblio | |